Quizzes
Events
Quiz Creation
Community
Videos
Private Events
Remove Ads
Sign In
Join for FREE
Feedback
Dark Mode
Quiz Categories
Sports
Geography
Music
Movies
Television
Just For Fun
Miscellaneous
History
Literature
Language
Science
Gaming
Entertainment
Religion
Holiday
For Kids
Quiz Lab
Recent
Popular Today
Quiz Kudos Today
Editor Picks
Curator Picks
Quizzes by...
Day
Popularity
Type
Ratings
Length
Year
Community
Subscriptions
Recent Discussions
Orange Saloon
Badges
Playlists
Quests
Create
Leaderboards
Showdown
Live 5
Trivia Bingo
Activity
Puzzle Library
Sporcle Events
Private Events
Virtual Trivia
Globe League
Become a Host
Pub Owners
SporcleCon
Opinionation
Our Games
Videos
Blog
Mobile Apps
Partnerships
Remove Ads and Go Orange
Feedback
Sports
Athletes
MLB
NBA
NHL
NFL
Soccer
Sports Teams
WWE
NCAA
Football
Premier League
Basketball
Baseball
Hockey
Golf
Tennis
Cricket
Rugby
Auto Racing
Olympics
World Cup
Sports
Athletes
MLB
NBA
NHL
NFL
Soccer
Sports Teams
WWE
NCAA
Football
Premier League
Basketball
Baseball
Hockey
Golf
Tennis
Cricket
Rugby
Auto Racing
Olympics
World Cup
Random Quiz
Search Sporcle
×
Quiz Lab
Quiz Lab
Sports
MLB
Type in answers that appear in a list
Type in answers that appear in a list
Classic
Best Score? Go Orange.
2012 MLB Batting Leaders Stats
Can you name the 2012 MLB Batting Leaders
By
ARob7
10m
21 Questions
26 Plays
26 Plays
26 Plays
Comments
Comments
Give Quiz Kudos
Give Quiz Kudos
-
- Ratings
hide this ad
Replay
Link that replays current quiz
Next Quiz
Link to next quiz in quiz playlist
You Got
0%
They Got
Avg Score
59%
Avg Friend Score
Upgrade to see
Score Distribution
Jump to the score distribution portion of the page
Score
0/21
Timer
10:00
0
Plays Today
Statistic
Player Name
% Correct
Home Runs
Miguel Cabrera
100%
RBI
Miguel Cabrera
100%
Slugging %
Miguel Cabrera
100%
On-
Base Plus Slugging
Miguel Cabrera
100%
Extra Base Hits
Miguel Cabrera
100%
Double Plays Grounded Into
Miguel Cabrera
100%
Runs Scored
Mike Trout
84.6%
Stolen Bases
Mike Trout
84.6%
At Bats
Derek Jeter
76.9%
Hits
Derek Jeter
76.9%
Bases on Balls
Adam Dunn
53.8%
Statistic
Player Name
% Correct
Strikeouts
Adam Dunn
53.8%
Games Played
Ichiro Suzuki, Prince Fielder, Starlin Castro, and Adam Jones
50%
Batting Average
Buster Posey
38.5%
On-
Base %
Joey Votto
30.8%
Sacrifice Flies
Mark Teixeira
30.8%
Intentional Bases on Balls
Prince Fielder and Joey Votto
30.8%
Hit By Pitch
Prince Fielder, Carlos Quentin, and Kevin Youkilis
19.2%
Doubles
Alex Gordon
15.4%
Triples
Angel Pagan
7.7%
Sacrifice Hits
Juan Pierre, Elvis Andrus, and Johnny Cueto
0%
Quiz Playlist
Details
Report
Send in Message
Add To Playlist
Classic:
Type in answers that appear in a list
Last Updated: Feb 16, 2017
Quiz Scoreboard
CHALLENGE
Sign Up to Join the Scoreboard
Show All
Scores
Hide
Comments
May contain spoilers
Recently Published
Presidents Visiting Landmarks
by Hejman
History
7m
An Introduction to Baseball
by treessimontrees
Sports
5m
Movies - When Are They Set?
by FPL_Elf
Movies
5m
More to Explore
Quiz From the Vault
Featured Blog Post
Where Did the Easter Bunny Come From?
hide this ad
You Might Also Like...
Tags
MLB Quiz
2012
Batting
Leader
Player
statistic
Today's Top Quizzes in Sports
Browse Sports
hide this ad
Today's Top Quizzes in MLB
Browse MLB
Top Contributed Quizzes in Sports
1
Les meilleurs buteurs des matchs entre le PSG et l’OM
2
2022 World Cup Stars
3
FIFA Club World Cup Champions
4
Les entraîneurs de l'OM et du PSG au 21e siècle
5
Name the Premier League winners with different clubs
6
5-to-1: UK Sports Teams
7
La finale Lions - Afrique du Sud 2021
8
Criteria MLB: Left Handed Sluggers
9
AFC Teams Reveal (Wrong Answers Minefield)
10
England Test cricketers to play under Nasser Hussain
Explore More
Trending Topics
Harry Potter
Marvel
NBA
Crossword
Disney
Anime
Kpop
WWE
NFL
The Office
Pokémon
Puzzle
Song
Soccer
Country
hide this ad
More By:
ARob7
Quiz
Plays
Rating
Category
Featured
Created
2015 MLB Top 100 Prospects
480
5.00
Sports
Feb 13, 2015
2015 Pittsburgh Pirates Top 30 Prospects
261
4.00
Sports
Mar 25, 2015
2014 MLB Top 100 Prospects
220
3.25
Sports
Dec 2, 2014
2015 New York Mets Top 30 Prospects
179
5.00
Sports
Mar 30, 2015
2015 Chicago Cubs Top 30 Prospects
135
5.00
Sports
Mar 25, 2015
Go to Creator's Profile
Score Distribution
Quiz Creator Spotlight
ARob7
Follow
Send a Message
Quizzes Created
-
Created Quiz Play Count
-
More By This Creator
Popular Quizzes Today
1
Find the US States - No Outlines Minefield
2
Find the Countries of Europe - No Outlines Minefield
3
The Countries of the World
4
Find the US States
5
Popular People in 1961
6
US States
7
Risky Map Clicking: Biggest States A-Z
8
Movies - When Are They Set?
More Sports Quizzes
1970's American League All-Stars
Curator's Pick
Trending Quizzes
Risky Map Clicking: Least Populous States A-Z
1-10 Letter G Words
1-10 Letter F Words
Risky Map Clicking: Next State Alphabetically
Risky Map Clicking: Biggest States A-Z
Recently Updated
Leaping Animals
pecheneg
Reality TV Shows (A-Z)
bhenderson79
Rickey Henderson's Hall of Fame Teammates
pecheneg
Champions League XIs: Arsenal
pecheneg
Quick Pick: Celebrities in WWE's Hall of Fame
aduchscher
A-Z Keypad Blitz II
pecheneg
Multiple Oscar Actors
pecheneg
Mystery Phrase Blitz: Oscar 'Best Actors'
pecheneg
F. Scott Fitzgerald Novels
LTH
Pick 3 Villains
ddd62291
Trending Topics
Anime
Disney
Marvel
Harry Potter
Crossword
Kpop
NBA
Soccer
NFL
Song
The Office
Country
Pokémon
Puzzle
WWE
Your Account Isn't Verified!
In order to create a playlist on Sporcle, you need to verify the email address you used during registration. Go to your
Sporcle Settings
to finish the process.
Report this User
Report this user for behavior that violates our
Community Guidelines
.
Details:
Send Report
Go to the Sporcle.com Mobile Site →
Comments